000 00320nam a22001331a 4500
999 _c170725
_d170725
082 _aM1
_bCHE/K
100 _aCherussery
245 _aKrishnagatha :
_brukmini swayamvaram/
_cby Cherussery.
260 _a
_b
_c
650 _aPoetry Malayalam
650 _aLiterature Malayalam
650 _aLiterature
942 _cBK